000 00208nam a2200097Ia 4500
008 190216s9999||||xx |||||||||||||| ||und||
100 _aMuhamed K T
245 0 _aNjanpeedikkunnu
260 _bNull
942 _cBK
999 _c23581
_d23581